000 00844nam0a22002531 4500
001 v19\rc\1834580
005 20250619141425.0
035 _a(NLR Aleph) 004929456
090 _a5663805
_c5663805
100 _a20071224d1908 |||y0rusy50 ca
101 1 _arus
_cger
102 _aRU
105 _ay z |||||
200 1 _aКордиалин
_eНовый питат. и заменяющий откармливание препарат
_fСоч. д-ра мед. А. Кюнер в Кобурге
210 _a[Санкт-Петербург]
_cтип. А. Бенке
_d[1908]
215 _a16 с.
_d16
309 _aБез тит. л. и обл.
700 1 _aКюнер
_bА.
_gАвгуст
801 0 _aRU
_bNLR
_gpsbo
801 0 _aRU
_bRuMoRGB
_2psbo
801 1 _aRU
_bProSoft-M
_2rusmarc
852 _aNLR
_j34.52.5.1079
942 _cBOOK
980 _aNB